Stolice państw świata, państw nieuznawanych i terytoriów zależnych - Statystyki

Ogólne statystyki
  • Ten quiz został rozwiązany 19 razy
  • Średni wynik to 104 z 264
Statystyki odpowiedzi
Kraj Stolica % Poprawnych
Afganistan Kabul
86%
Ghana Akra
71%
Algieria Algier
71%
Andora Andora
71%
Grecja Ateny
71%
Azerbejdżan Baku
71%
Brazylia Brasilia
71%
Belgia Bruksela
71%
Argentyna Buenos Aires
71%
Australia Canberra
71%
Bangladesz Dhaka
71%
Dżibuti Dżibuti
71%
Armenia Erywań
71%
Finlandia Helsinki
71%
Egipt Kair
71%
Demokratyczna Republika Konga Kinszasa
71%
Dania Kopenhaga
71%
Boliwia La Paz
71%
Filipiny Manila
71%
Białoruś Mińsk
71%
Cypr Nikozja
71%
Francja Paryż
71%
Chińska Republika Ludowa (Chiny) Pekin
71%
Czarnogóra Podgorica
71%
Czechy Praga
71%
Ekwador Quito
71%
Arabia Saudyjska Rijad
71%
Chile Santiago
71%
Bośnia i Hercegowina Sarajewo
71%
Bułgaria Sofia
71%
Estonia Tallinn
71%
Albania Tirana
71%
Polska Warszawa
71%
Austria Wiedeń
71%
Chorwacja Zagrzeb
71%
Nigeria Abudża
57%
Zjednoczone Emiraty Arabskie Abu Zabi
57%
Jordania Amman
57%
Holandia (konstytucyjna) Amsterdam
57%
Turcja Ankara
57%
Kazachstan Astana
57%
Irak Bagdad
57%
Tajlandia Bangkok
57%
Liban Bejrut
57%
Serbia Belgrad
57%
Niemcy Berlin
57%
Szwajcaria (de facto) (brak (de iure)) Berno
57%
Kolumbia Bogota
57%
Słowacja Bratysława
57%
Węgry Budapeszt
57%
Rumunia Bukareszt
57%
Wenezuela Caracas
57%
Sudan Chartum
57%
Senegal Dakar
57%
Syria Damaszek
57%
Katar Doha
57%
Irlandia Dublin
57%
Indonezja Dżakarta
57%
Gwatemala Gwatemala
57%
Holandia (administracyjna) Haga
57%
Wietnam Hanoi
57%
Zimbabwe Harare
57%
Kuba Hawana
57%
Pakistan Islamabad
57%
Izrael (nieuznawana przez ONZ) Jerozolima
57%
Nepal Katmandu
57%
Ukraina Kijów
57%
Jamajka | Norfolk (brak) —> (wpisz siedzibę) Kingston
57%
Saint Vincent i Grenadyny Kingstown
57%
Mołdawia Kiszyniów
57%
Malezja Kuala Lumpur
57%
Kuwejt Kuwejt
57%
Peru Lima
57%
Portugalia Lizbona
57%
Angola Luanda
57%
Słowenia Lublana
57%
Luksemburg Luksemburg
57%
Hiszpania Madryt
57%
Bahrajn Manama
57%
Meksyk Meksyk
57%
Somalia Mogadiszu
57%
Monako Monako
57%
Urugwaj Montevideo
57%
Rosja Moskwa
57%
Kenia Nairobi
57%
Indie Nowe Delhi
57%
Norwegia Oslo
57%
Kanada Ottawa
57%
Panama Panama
57%
Papua-Nowa Gwinea Port Moresby
57%
Południowa Afryka (stolica egzekutywna) Pretoria
57%
Kosowo Prisztina
57%
Maroko Rabat
57%
Islandia Reykjavik
57%
Łotwa Ryga
57%
Włochy Rzym
57%
San Marino San Marino
57%
Salwador San Salvador
57%
Korea Południowa Seul
57%
Singapur Singapur
57%
Macedonia Północna Skopje
57%
Boliwia Sucre
57%
Szwecja Sztokholm
57%
Tajwan (Republika Chińska) Tajpej
57%
Uzbekistan Taszkent
57%
Iran Teheran
57%
Japonia Tokio
57%
Libia Trypolis
57%
Tunezja Tunis
57%
Mongolia Ułan Bator
57%
Liechtenstein Vaduz
57%
Malta Valletta
57%
Stany Zjednoczone (USA) Waszyngton
57%
Watykan Watykan
57%
Nowa Zelandia Wellington
57%
Litwa Wilno
57%
Palestyna (de iure) Wschodnia Jerozolima / Jerozolima
57%
Madagaskar Antananarywa
43%
Erytrea Asmara
43%
Paragwaj Asunción
43%
Turkmenistan Aszchabad
43%
Gambia Bandżul
43%
Belize Belmopan
43%
Gwinea Bissau Bissau
43%
Kirgistan Biszkek
43%
Kongo Brazzaville
43%
Barbados Bridgetown
43%
Sudan Południowy Dżuba
43%
Sierra Leone Freetown
43%
Botswana Gaborone
43%
Gujana Georgetown
43%
Kajmany —> (wpisz siedzibę) George Town
43%
Gibraltar —> (wpisz siedzibę) Gibraltar
43%
Rwanda Kigali
43%
Togo Lomé
43%
Wielka Brytania Londyn
43%
Malediwy Male
43%
Mozambik Maputo
43%
Oman Maskat
43%
Bahamy Nassau
43%
Czad Ndżamena
43%
Grenlandia —> (wpisz siedzibę) Nuuk
43%
Korea Północna Pjongjang
43%
Haiti Port-au-Prince
43%
Trynidad i Tobago Port-of-Spain
43%
Jemen Sana
43%
Dominikana Santo Domingo
43%
Wyspy Świętego Tomasza i Książęca São Tomé
43%
Fidżi Suva
43%
Bhutan Thimphu
43%
Burkina Faso Wagadugu
43%
Laos Wientian
43%
Etiopia Addis Abeba
29%
Samoa Apia
29%
Mali Bamako
29%
Republika Środkowoafrykańska Bangi
29%
Saint Kitts i Nevis Basseterre
29%
Gwadelupa —> (wpisz siedzibę) Basse-Terre
29%
Tanzania Dar es Salaam
29%
Timor Wschodni Dili
29%
Wyspa Man —> (wpisz siedzibę) Douglas
29%
Burundi Gitega
29%
Wyspy Salomona Honiara
29%
Kamerun Jaunde
29%
Uganda Kampala
29%
Południowa Afryka (stolica legislacyjna) Kapsztad
29%
Sri Lanka Kolombo
29%
Gwinea Konakry
29%
Gabon Libreville
29%
Malawi Lilongwe
29%
Zambia Lusaka
29%
Gwinea Równikowa Malabo
29%
Nikaragua Managua
29%
Lesotho Maseru
29%
Eswatini (Suazi) Mbabane
29%
Liberia Monrovia
29%
Mauretania Nawakszut
29%
Niger Niamey
29%
Mikronezja Palikir
29%
Polinezja Francuska —> (wpisz siedzibę) Papeete
29%
Surinam Paramaribo
29%
Kambodża Phnom Penh
29%
Mauritius Port Louis
29%
Benin Porto-Novo
29%
Republika Zielonego Przylądka Praia
29%
Dominika Roseau
29%
Grenada Saint George’s
29%
Kostaryka San José
29%
Gruzja Tbilisi
29%
Honduras Tegucigalpa
29%
Wyspy Owcze —> (wpisz siedzibę) Thorshavn
29%
Naddniestrze Tyraspol
29%
Seszele Victoria
29%
Namibia Windhuk
29%
Wybrzeże Kości Słoniowej Abidżan
14%
Pitcairn —> (wpisz siedzibę) Adamstown
14%
Niue —> (wpisz siedzibę) Alofi
14%
Wyspy Cooka —> (wpisz siedzibę) Avarua
14%
Brunei Bandar Seri Begawan
14%
Saint Lucia Castries
14%
Tanzania Dodoma
14%
Tadżykistan Duszanbe
14%
Somaliland Hargejsa
14%
Wyspa Świętej Heleny, Wyspa Wniebowstąpienia i Tristan da Cunha —> (wpisz siedzibę) Jamestown
14%
Wybrzeże Kości Słoniowej Jamusukro
14%
Wyspy Marshalla Majuro
14%
Majotta —> (wpisz siedzibę) Mamoudzou
14%
Komory Moroni
14%
Mjanma Naypyidaw
14%
Palau Ngerulmud
14%
Cypr Północna Nikozja Północna
14%
Tonga Nuku’alofa
14%
Nowa Kaledonia —> (wpisz siedzibę) Numea
14%
Vanuatu Port Vila
14%
Reunion —> (wpisz siedzibę) Saint-Denis
14%
Jersey —> (wpisz siedzibę) Saint Helier
14%
Antigua i Barbuda Saint John’s
14%
Saint-Pierre i Miquelon (Wspólnota Saint-Pierre i Miquelon) —> (wpisz siedzibę) Saint-Pierre
14%
Portoryko —> (wpisz siedzibę) San Juan
14%
Sri Lanka Sri Dźajawardanapura Kotte
14%
Falklandy —> (wpisz siedzibę) Stanley
14%
Anguilla —> (wpisz siedzibę) The Valley
14%
Curaçao (Kraj Curaçao) —> (wpisz siedzibę) Willemstad
14%
Nauru Yaren
14%
Sahara Zachodnia Al-Ujun
0%
Kiribati (na atolu Tarawa) Bairiki
0%
Południowa Afryka (stolica sądownicza) Bloemfontein
0%
Monserrat —> (wpisz siedzibę) (de facto) Brades
0%
Mariany Północne —> (wpisz siedzibę) Capitol Hill
0%
Osetia Południowa Cchinwali
0%
Wyspy Dziewicze Stanów Zjednoczonych —> (wpisz siedzibę) Charlotte Amalie
0%
Turks i Caicos —> (wpisz siedzibę) Cockburn Town
0%
Australijskie Terytorium Antarktyczne (brak) —> (wpisz siedzibę) Davis Station
0%
Akrotiri —> (wpisz siedzibę) | Dhekelia —> (wpisz siedzibę) Episkopi Cantonment
0%
Wyspa Bożego Narodzenia (brak) —> (wpisz siedzibę) Flying Fish Cove
0%
Martynika —> (wpisz siedzibę) Fort-de-France
0%
Saint-Barthélemy (Wspólnota Saint-Barthélemy) —> (wpisz siedzibę) Gustavia
0%
Guam —> (wpisz siedzibę) Hagåtña
0%
Bermudy —> (wpisz siedzibę) Hamilton
0%
Gujana Francuska —> (wpisz siedzibę) Kajenna
0%
Georgia Południowa i Sandwich Południowy —> (wpisz siedzibę) King Edward Point
0%
Benin Kotonu
0%
Bonaire —> (wpisz siedzibę) Kralendijk
0%
Eswatini (Suazi) (siedziba króla i parlamentu) Lobamba
0%
Svalbard —> (wpisz siedzibę) Longyearbyen
0%
Saint-Martin (Wspólnota Saint-Martin) —> (wpisz siedzibę) Marigot
0%
Wallis i Futuna (Terytorium Wysp Wallis i Futuna) —> (wpisz siedzibę) Mata-Utu
0%
Aruba —> (wpisz siedzibę) | Sint Eustatius —> (wpisz siedzibę) Oranjestad
0%
Samoa Amerykańskie —> (wpisz siedzibę) Pago Pago
0%
Sint Maarten Philipsburg
0%
Montserrat —> (wpisz siedzibę) (de iure) Plymouth
0%
Malezja Putrajaya
0%
Palestyna (de facto) Ramallah
0%
Brytyjskie Wyspy Dziewicze —> (wpisz siedzibę) Road Town
0%
Guernsey —> (wpisz siedzibę) Saint Peter Port
0%
Abchazja Suchumi
0%
Izrael (siedziba większości ambasad, stolica według ONZ) Tel Awiw-Jafa
0%
Saba —> (wpisz siedzibę) The Bottom
0%
Sahara Zachodnia Tifariti
0%
Tuvalu (na atolu Funafuti) Vaiaku
0%
Wyspy Kokosowe —> (wpisz siedzibę) West Island
0%
Nie znaleziono quizów pasujących do podanych kryteriów
Rozkład punktacji
Procent ludzi z każdym wynikiem
Percentyl według liczby udzielonych odpowiedzi
Twoja historia wyników
Nie rozwiązałeś tego quizu